| 000 | 00620nam a2200229Ia 4500 | ||
|---|---|---|---|
| 005 | 20231130115715.0 | ||
| 008 | 131103s9999 xx 000 0 und d | ||
| 020 |
_a710080417 _cGBP 6.95 |
||
| 040 | _aLoreto College | ||
| 041 | _aEnglish | ||
| 082 |
_a396 _bWAL |
||
| 100 | _aWalton,Ronald G. | ||
| 245 |
_aWomen In Social Work, _cRonald G.Walton |
||
| 260 |
_aLondon _bRoutledge & Kegan Paul _c1975 |
||
| 300 | _axvi,308 p. | ||
| 440 | _aInternational library of social policy | ||
| 630 | _aSocial role and status of women | ||
| 650 | _aSocial Classes | ||
| 651 | _aWomen | ||
| 850 | _aLCLIB | ||
| 942 | _cBK | ||
| 999 |
_c3086 _d53565 |
||